01221naa a22003137a 4500001001000000003000900010005001700019007000300036008003400039040005400073041000900127072002000136090001800156100001900174111007400193245007300267260003600340500010200376650002300478650002500501650002300526650002100549650002100570773009900591909003600690942001400726999001900740952014800759BR7405061BR-BrBNA20240918173601.0ta230509b bl.||||| |||| 00| 0 por d aBR-BrBNAbporcBiblioteca Nacional de Agricultura a(Pt) aK10b4530bG514 aK10 BR74050611 aCarneiro, D.A.1 a2. Congresso Florestal BrasileirocCuritiba, PR (Brazil)d17 Sep 19731 aSemeadeira de tracao manual modelo Klabin [pratica cultural, Brasil]3 aCuritiba, PR (Brasil): c1974.  aAnais do 2. Congresso Florestal Brasileiro Curitiba, PR (Brasil): 1974. p. 287 (BR7405061-AM)K10  aPRODUCAO FLORESTAL aEQUIPAMENTO AGRICOLA aSEMEADURA MECANICA aPRATICA CULTURAL aMAQUINA AGRICOLA0 tAnais do 2. Congresso Florestal BrasileirowK10 BR7405061gCuritiba, PR (Brasil), 1974. p. 287 a202404bLuciac55dLucia Elande cAM2AGRIS c305573d305573 002AGRIS40708Acervo Gerala41918b41918cAgrobasel0oK00 BR7404988r2024-05-20t01yAM10d2024-04-11ePortaria Interministerial nÂș 164/94